[Event "1st Sigeman Wernbro & Co"]
[Site "Malmo SWE"]
[Date "1993.06.23"]
[Round "9"]
[White "Hansen, Lars Bo"]
[Black "Brynell, Stellan"]
[Result "1-0"]
[WhiteElo "2545"]
[BlackElo "2465"]
[EventDate "1993.06.??"]
[PlyCount "67"]

1.d4 d5 2.c4 dxc4 3.Nf3 Nf6 4.e3 a6 5.Bxc4 e6 6.O-O c5 7.Bd3 Nbd7 8.Qe2 
Qc7 9.Nc3 b6 10.Bd2 Bb7 11.Rac1 Qb8 12.Ng5 Bd6 13.f4 O-O 14.Kh1 cxd4 15.
exd4 Re8 16.Bc4 b5 17.Bb3 Re7 18.f5 e5 19.d5 e4 20.Ncxe4 h6 21.Ne6 Nxe4 
22.Qxe4 Nf6 23.Qd3 fxe6 24.fxe6 Qe8 25.Bf4 Rd8 26.Bxd6 Rxd6 27.Rxf6 Kh8 
28.Rff1 Rexe6 29.Bc2 Rg6 30.Rce1 Qd7 31.Qxg6 Rxg6 32.Bxg6 Bxd5 33.Rf8+ Bg8
34.Rxg8+ 1-0

[Event "1st Sigeman Wernbro & Co"]
[Site "Malmo SWE"]
[Date "1993.06.23"]
[Round "9"]
[White "Helgason, Reynir"]
[Black "Hector, Jonny"]
[Result "0-1"]
[WhiteElo "2340"]
[BlackElo "2470"]
[EventDate "1993.06.??"]
[PlyCount "80"]

1.d4 d5 2.Nf3 Nf6 3.c4 c6 4.e3 Bf5 5.cxd5 cxd5 6.Qb3 Qc7 7.Bd2 e6 8.Bb5+ 
Nc6 9.Bb4 Bd6 10.Qa3 Ne4 11.O-O O-O 12.Bxd6 Nxd6 13.Bxc6 Qxc6 14.Nc3 Rfc8 
15.Rfc1 a5 16.b3 Qb6 17.Na4 Qb4 18.Qb2 Ne4 19.Rxc8+ Rxc8 20.Rc1 Rxc1+ 21.
Qxc1 h6 22.h3 b5 23.Nc5 Nc3 24.Qd2 a4 25.Ne5 axb3 26.axb3 Qa5 27.Nc6 Qa1+ 
28.Kh2 Be4 29.f3 Bg6 30.Nb4 Nb1 31.Qc1 Qa5 32.Nc6 Qc7+ 33.Ne5 f6 34.f4 
fxe5 35.fxe5 b4 36.Qe1 Qb6 37.e4 Nc3 38.exd5 Nxd5 39.Qg3 Bf7 40.Nd7 Qxd4 
0-1